000 00596nam a2200169 i 4500
001 104601
003 ES-MaACL
005 20250811071521.0
007 t|
008 051202s1928 sp ||||1| spa d
110 1 _aEspaña.
_bMinisterio de Justicia
_93895
245 1 0 _aEstadística de la administración de justicia en lo civil... en la península e islas adyacentes publicada por el Ministerio de Gracia y Justicia /
_cMinisterio de Justicia.
260 _aMadrid :
_bRivadeneyra,
_c1928.
300 _a1 v. ;
_c27 cm.
852 _aES-MaACL
_jC-13334
999 _c104601
_d104601